00343nam a22001217a 4500020000800000040001600008082001700024100001900041245008300060250001200143260003400155300003200189 qPB. cFIZZA ISHAQ a342.420bKEN a Kenyon, J. P. aThe Stuart constitution, 1603-1688; documents and commentary /cJ. P. Kenyon. a1st ed. aNew York :bCambridge,c1966. a523 P. ;c9 x 6 x 01 inches